ბათუმის შოთა რუსთაველის სახელმწიფო უნივერსიტეტის ბიბლიოთეკა

პურეულის ლექსიკა ქართულში (ბიბ.ჩანაწერი № 52483)

000 -LEADER
fixed length control field 00814nam a2200241Ia 4500
001 - CONTROL NUMBER
control field 19506
003 - CONTROL NUMBER IDENTIFIER
control field GE_BSU
008 - FIXED-LENGTH DATA ELEMENTS--GENERAL INFORMATION
fixed length control field 181216s||||||||xx |||||||||||||| ||und||
040 ## - CATALOGING SOURCE
Transcribing agency GE_BSU
080 ## - UNIVERSAL DECIMAL CLASSIFICATION NUMBER
Universal Decimal Classification number 811.353.1'373
100 ## - MAIN ENTRY--PERSONAL NAME
Personal name კახაძე, ოტია.
245 ## - TITLE STATEMENT
Title პურეულის ლექსიკა ქართულში
245 ## - TITLE STATEMENT
Statement of responsibility, etc. რედაქტორი: არნ. ჩიქობავა
260 ## - PUBLICATION, DISTRIBUTION, ETC.
Place of publication, distribution, etc. თბილისი
260 ## - PUBLICATION, DISTRIBUTION, ETC.
Name of publisher, distributor, etc. მეცნიერება
260 ## - PUBLICATION, DISTRIBUTION, ETC.
Date of publication, distribution, etc. 1987
300 ## - PHYSICAL DESCRIPTION
Extent 115გვ; 20სმ
300 ## - PHYSICAL DESCRIPTION
Other physical details რეზ. რუს. ენ. - ბიბლიოგრ.გვ. 103.
653 ## - INDEX TERM--UNCONTROLLED
Uncontrolled term ქართული ენა
653 ## - INDEX TERM--UNCONTROLLED
Uncontrolled term ქართული ენის ლექსიკა;
942 ## - ADDED ENTRY ELEMENTS (KOHA)
Koha item type წიგნი
ეგზემპლარები
Withdrawn status Lost status Damaged status Not for loan Date acquired Barcode Date last seen Price effective from Koha item type
        2018-12-17 48573 2018-12-17 2018-12-17 წიგნი
        2018-12-17 48572 2018-12-17 2018-12-17 წიგნი
        2018-12-17 48574 2018-12-17 2018-12-17 წიგნი
        2018-12-17 48575 2018-12-17 2018-12-17 წიგნი
        2018-12-17 48576 2018-12-17 2018-12-17 წიგნი